Memoria de la Universidad Literaria de Granada en los cursos académicos de 1887 a 90 y datos estadísticos. (Record no. 190209)

MARC details
000 -LEADER
campo de control de longitud fija 00526nam a2200157 i 4500
001 - NÚMERO DE CONTROL
campo de control 190209
003 - IDENTIFICADOR DE NÚMERO DE CONTROL
campo de control ES-MaACL
005 - FECHA Y HORA DE LA ÚLTIMA TRANSACCIÓN
campo de control 20230906223651.0
007 - CAMPO FIJO DE DESCRIPCIÓN FÍSICA--INFORMACIÓN GENERAL
campo de control de longitud fija t|
008 - DATOS DE LONGITUD FIJA--INFORMACIÓN GENERAL
campo de control de longitud fija 200916s1894 sp r ||||1| spa d
110 2# - ENTRADA PRINCIPAL--NOMBRE DE ENTIDAD CORPORATIVA
Nombre de entidad corporativa o nombre de jurisdicción como elemento de entrada Universidad Literaria de Granada.
9 (RLIN) 153703
245 10 - MENCIÓN DEL TÍTULO
Título Memoria de la Universidad Literaria de Granada en los cursos académicos de 1887 a 90 y datos estadísticos.
260 ## - PUBLICACIÓN, DISTRIBUCIÓN, ETC.
Lugar de publicación, distribución, etc. Granada :
Nombre del editor, distribuidor, etc. [s.n.],
Fecha de publicación, distribución, etc. 1894.
610 24 - PUNTO DE ACCESO ADICIONAL DE MATERIA--NOMBRE DE ENTIDAD CORPORATIVA
Nombre de entidad corporativa o nombre de jurisdicción como elemento de entrada Universidad Literaria de Granada-
Subdivisión de forma Memorias.
9 (RLIN) 153704
852 ## - LOCALIZACIÓN
Ubicación ES-MaACL
Número de control de estantería T-777-F-1
Holdings
Estatus retirado Estado de pérdida Estado de daño No para préstamo Colección Biblioteca de origen Biblioteca actual Ubicación en estantería Fecha de adquisición Fuente de adquisición Total de préstamos Signatura topográfica completa Código de barras Visto por última vez Precio de reemplazo Tipo de ítem Koha
        Colección de folletos Biblioteca del Ateneo de Madrid Biblioteca del Ateneo de Madrid Depósito folletos 21/05/2005     T-777-F-1 1201996 23/02/2023 23/02/2023 Folleto